| 000 | 00780nam a2200253 a 4500 | ||
|---|---|---|---|
| 003 | AR-BaBNM | ||
| 005 | 20251128203507.0 | ||
| 008 | 082120s2002 ||||||||||||||000 | spa|| | ||
| 040 | _cAR-BaBNM | ||
| 100 | 1 | _aGutiérrez, Magdiel | |
| 245 | 0 | 0 |
_aGente de la tierra _balgo más que lana han tejido los telares del tiempo : misterios mapuches a la luz de nociones mitológicos comparadas con lejanos pueblos extrañamente similares |
| 250 | _a1ª ed. | ||
| 260 |
_aTemuco _bTelstar _c1991 |
||
| 300 | _a181 p. | ||
| 650 | 4 | _aRELIGION | |
| 650 | 4 | _aSOCIEDAD | |
| 650 | 4 | _aLITERATURA | |
| 650 | 4 | _aABORIGENES | |
| 650 | 4 | _aPOBLACIONES ABORIGENES | |
| 650 | 4 | _aABORIGENES ARGENTINOS | |
| 700 | 1 |
_aDíaz Casanueva, Humberto _eprologuista |
|
| 942 | _cBK | ||
| 998 | _cmariana | ||
| 999 |
_c3640 _d3640 |
||